00371nam a22001217a 4500008004100000040005500041080002300096100002400119245004200143260003300185300001000218650002100228230324b |||||||| |||| 00| 0 eng d aNational Science LibrarycNational Science Library aD 681.3.06JavabP1 aMacAuley, Christian aJava script: bProgrammer's reference aNew Delhi: bOsborne, c2001 a272p. aComputer science